| 000 | 00907nam0a22002771 4500 | ||
|---|---|---|---|
| 001 | v19\rc\1698292 | ||
| 005 | 20250619025924.0 | ||
| 035 | _a(NLR Aleph) 004800712 | ||
| 090 |
_a4826045 _c4826045 |
||
| 100 | _a20061002e18981898|||y0rusy50 ca | ||
| 101 | 0 | _arus | |
| 102 | _aRU | ||
| 105 | _ay z ||||| | ||
| 200 | 1 |
_aДела милости на суде _e[Слово в неделю мясопустную] _fИ.Г. |
|
| 210 |
_aМосква _cУнив. тип. _d1898 |
||
| 215 |
_a7 с. _d26 |
||
| 311 | _aОтт. из "Душеполез. чтения". 1898 г., № 2 | ||
| 488 | 0 |
_12001#$aДушеполезное чтение$v1898, № 2 _tДушеполезное чтение |
|
| 702 | 0 |
_aИ.Г. _4220 |
|
| 801 | 0 |
_aRU _bNLR _gpsbo |
|
| 801 | 0 |
_aRU _bRuMoRGB _2psbo |
|
| 801 | 1 |
_aRU _bProSoft-M _2rusmarc |
|
| 852 |
_aNLR _j18.179.1.622 |
||
| 899 |
_aRuMoRGB _jA 263/413 |
||
| 942 | _cBOOK | ||
| 980 | _aNB | ||